01639cas a2200253 a 450000500170000000600190001700800410003602200140007703500190009104000350011022200140014524501090015926000870026831000140035550600200036951000120038951000130040151000120041452007810042665300280120765300290123565300270126485600940129120221116115306.0s|||||o|||| 00| 0 140508c2012 sp ar1||o 0 0spa d a1886-5097 aUPN01000197072 aMX-MxUPNbspaeaacr2cMX-MxUPN 0a1886-509700aParticipación educativa b: revista del consejo escolar del estadoh[recurso electrónico en línea] aMadrid :bConsejo Escolar del Estado. Ministerio de Educación y Ciencia,c2012 - aSemestral0 aAcceso abierto.1 aDialnet1 aLatindex1 aRedined a"Es una revista científica, arbitrada, de edición electrónica y publicada por el Consejo Escolar del Estado. Su propósito básico es apoyar y fundamentar el desarrollo efectivo de las Propuestas de mejora que el Pleno del Consejo Escolar del Estado incluye en su “Informe sobre el estado del sistema educativo”; y su pretensión es conciliar un elevado nivel científico y académico, con una orientación temática del máximo interés para la comunidad educativa. Para la consecución de sus fines, Participación Educativa publica artículos originales sobre investigación educativa básica y aplicada, así como sobre experiencias y estudios de innovación educativa, ensayos, informes y reseñas de publicaciones".cParticipación educativa. aINVESTIGACION EDUCATIVA aCIENCIAS DE LA EDUCACION aADMINISTRACION ESCOLAR1 uhttps://www.educacionyfp.gob.es/mc/cee/publicaciones/revista-participacion-educativa.html